Internal Revenue Code of 1986 and Treasury regulations: annotated and selected. / (Record no. 9358)
[ view plain ]
| 000 -LEADER | |
|---|---|
| fixed length control field | 00997nam a22002417a 4500 |
| 003 - CONTROL NUMBER IDENTIFIER | |
| control field | OSt |
| 005 - DATE AND TIME OF LATEST TRANSACTION | |
| control field | 20221216111922.0 |
| 008 - FIXED-LENGTH DATA ELEMENTS--GENERAL INFORMATION | |
| fixed length control field | 140915b xxu||||| |||| 00| 0 eng d |
| 020 ## - INTERNATIONAL STANDARD BOOK NUMBER | |
| International Standard Book Number | 9781111222536 |
| 022 ## - INTERNATIONAL STANDARD SERIAL NUMBER | |
| Source | 1111222533 |
| 040 ## - CATALOGING SOURCE | |
| Transcribing agency | WIUC GH |
| 050 ## - LIBRARY OF CONGRESS CALL NUMBER | |
| Classification number | KF6278.558.A19.U53 |
| 100 ## - MAIN ENTRY--PERSONAL NAME | |
| Personal name | Smith, James E. |
| 9 (RLIN) | 861 |
| 245 ## - TITLE STATEMENT | |
| Title | Internal Revenue Code of 1986 and Treasury regulations: annotated and selected. / |
| Remainder of title | James E. Smith |
| 250 ## - EDITION STATEMENT | |
| Edition statement | 2011 edition |
| 260 ## - PUBLICATION, DISTRIBUTION, ETC. | |
| Place of publication, distribution, etc. | Mason OH: |
| Name of publisher, distributor, etc. | South-Western, |
| Date of publication, distribution, etc. | 2011. |
| 300 ## - PHYSICAL DESCRIPTION | |
| Extent | xxxvi, 1973 p.: |
| 500 ## - GENERAL NOTE | |
| General note | Includes glossary and index |
| 505 ## - FORMATTED CONTENTS NOTE | |
| Formatted contents note | Contents: Normal taxes and subtaxes -- Tax on self-employment income -- Witholding of tax on nonresident aliens and foreign corporations -- Rules applicable to recovery of excessive profits on government contracts [repealed] -- Tax on transfers to avoid income tax -- Consolidated returns -- |
| 650 ## - SUBJECT ADDED ENTRY--TOPICAL TERM | |
| Topical term or geographic name entry element | Internal revenue |
| 9 (RLIN) | 862 |
| 710 ## - ADDED ENTRY--CORPORATE NAME | |
| Corporate name or jurisdiction name as entry element | South-Western Federal Taxation |
| 9 (RLIN) | 863 |
| 942 ## - ADDED ENTRY ELEMENTS (KOHA) | |
| Source of classification or shelving scheme | Library of Congress Classification |
| Koha item type | Books |
| Withdrawn status | Lost status | Source of classification or shelving scheme | Damaged status | Not for loan | Home library | Current library | Shelving location | Date acquired | Total Checkouts | Full call number | Barcode | Date last seen | Price effective from | Koha item type |
|---|---|---|---|---|---|---|---|---|---|---|---|---|---|---|
| Library of Congress Classification | WISCONSIN INTERNATIONAL UNIVERSITY COLLEGE, GHANA KUMASI LIBRARY | WISCONSIN INTERNATIONAL UNIVERSITY COLLEGE, GHANA KUMASI LIBRARY | General Stacks | 01/11/2019 | KF6278.558.A19.U53 | K/1125/1125/19 | 16/12/2022 | 16/12/2022 | Books |
